000 00754nam a2200193 a 4500
001 82795
003 BD-RjUL
005 20240127123104.0
008 240127s1932 ms ||||| |||| 00| 0 ara d
035 _a(BD-RjUL)82795
040 _aBD-RjUL
_beng
_cBD-RjUL
041 _aeng
082 _221
_a016.8927
_bSUK 1932
100 1 0 _aالسورتي, محمدبن غلام رسول ;; Surati, Muhammad bin Ghulam Rasul
_911149
245 _aکتاب اعلام السائلين من اسماء الكتاب والمصنفين ;;ktab aelam alsaayilin min asma' alkitaab walmusanifin /
_cمحمدبن غلام رسول السورتي = Muhammed bin Gulam Rasul Surtts
260 _aMisr:
_bTijarul Kitab,
_c1932
300 _a142 p. ;
_c24 cm
942 _2ddc
_cBK
999 _c82795
_d82795